000 00580nam a2200229Ia 4500
003 OSt
005 20221007073112.0
006 a|||||r|||| 00| 0
007 ta
008 221006b |||||||| |||| 00| 0 eng d
024 _a24,085
037 _cTextual
040 _aFLL
_cFLL
_beng
041 _2eng
_aeng
082 _aZ2qM4, J7
245 0 _aLaw relating India and East India company
250 _a4th
260 _aLondon
_bWm. H. Allen & Co. India
_c1957
300 _axiv,1-844p
_ccm.
942 _hZ2qM4, J7
_cTEXL
_2CC
999 _c1147679
_d1147679